| 000 | 00543cam a2200181 a 4500 | ||
|---|---|---|---|
| 020 | _a0070633509 | ||
| 040 | _cFCoaB | ||
| 082 | 0 | 0 | _a362 MCG 1998 A010 Or. |
| 100 | 1 | _aSullivan, Toni J. | |
| 245 | 1 | 0 |
_aCollaboration : _ba health care imperative / |
| 260 |
_aNew York : _bMcGraw-Hill, _c1998 |
||
| 300 |
_axxv, 646 p. : _bill. ; _c24 cm. |
||
| 650 | 0 | _aNurse-physician joint practice. | |
| 650 | 0 | _aMedical cooperation. | |
| 650 | 0 | _aHealth care teams. | |
| 856 | 4 | 2 | _uhttp://www.loc.gov/catdir/description/mh023/98124561.html |
| 942 | _cEK | ||
| 999 |
_c13741 _d13741 |
||